000 00785cad a22002295a 4500
001 L152820
008 110504s2010 xxk f 000 0 eng d
035 _a(Sirsi) u152820
041 0 _aeng
050 0 4 _a346.41043 $2 18
110 2 _aLand Registry
_95885
245 0 0 _aHow to safeguard again property fraud
_h[electronic resource]
260 _aLondon
_bLand Registry
_c2007
490 0 _aLand Registry Public Guides
_v17
520 _aOffers guidance on anti-property fraud measures.
590 _aKA
650 2 4 _aLAND REGISTRATION ACT 2002
651 4 _aEngland and Wales
_y1543-
690 _aPROPERTY-PROPERTY AGENCY
856 4 0 _uhttps://www.landreg.gov.uk/upload/documents/public_guide_017.pdf
_zView this item free of charge at www.landregistry.gov.uk
942 _n0
999 _c112219
_d112219